000 01015nam a22001937a 4500
999 _c64045
_d64045
003 Ge_BSU
005 20260316120228.0
008 260316s1992 ge ||||| |||| 00| 0 geo d
041 _ageo
080 _a330.111.62 : 338.242.4.025.88(479.22) ლ-85
100 _aლორთქიფანიძე, რევაზ
_93150
245 _aსაკუთრების სტრუქტურის, ფასებისა და ეროვნული ფულის პრობლემები /
_cრევაზ ლორთქიფანიძე; [რედ.: ა. გუნია].
264 _aთბილისი :
_bმეცნიერება,
_c1992.
300 _a19 გვ. ;
_b 20 სმ.
653 _aსაკუთრება. ფასები
653 _aქართული ფული. პრივატიზაცია საქართველოში
700 _aგუნია, ა.
_eრედაქტორი
_926780
942 _2udc
_cᲬᲘᲒᲜᲘ